| 000 | 02716cam a2200349 i 4500 | ||
|---|---|---|---|
| 003 | SA-RiAUC | ||
| 005 | 20250930120427.0 | ||
| 008 | 250925t1989 ua h g 00100cara c | ||
| 024 | 0 | _a00000000270017 | |
| 040 |
_aSA-RiAUC _bara _cSA-RiAUC _dKAC _erda |
||
| 050 | 4 | _b.I26 1989 | |
| 082 | 0 | 4 | _a922.582 |
| 090 |
_a922.582 _bا ب ن خ |
||
| 100 | 1 |
_aابن خلفون، محمد بن إسماعيل بن محمد، _d555-636 هجري _eمؤلف. |
|
| 245 | 1 | 0 |
_aأسماء شيوخ الإمام مالك بن أنس / _cلابن خلفون الأندلسي ؛ تحقيق وتعليق وتقديم الدكتور محمد زينهم محمد عزب. |
| 264 | 1 |
_aالقاهرة : _bمكتبة الثقافة الدينية، _c[1989] |
|
| 264 | 4 | _c©1989 | |
| 300 |
_a307 صفحة : _bمثليات ؛ _c24 ×17 سم |
||
| 336 |
_aنص _btxt _2rdacontent _3كتاب |
||
| 337 |
_aبدون وسيط _bn _2rdamedia |
||
| 338 |
_aمجلد _bnc _2rdacarrier |
||
| 500 | _aكشافات : صفحة 259-307 | ||
| 504 | _aببليوجرافية : صفحة 255-258. | ||
| 504 | _aيشتمل على إرجاعات ببليوجرافية. | ||
| 520 | _aهذا الكتاب مليء بأكثر من ثلاثمائة فقيه وعالم من شتى بقاع العالم الإسلامي، وبالتحديد مكة والمدينة والبصرة والكوفة ومصر أحيانا. يقوم ابن خلفون باستعراض حياة كل فقيه، بما في ذلك نسبه ومؤلفاته وشيوخه وتلامذته، كأنه هو الذي عاش في عصره، مع تفاصيل دقيقة تسلط الضوء على الجوانب المختلفة من حياة هؤلاء العلماء. يعد الكتاب مرجعا قيما للباحثين والمهتمين بالتاريخ الإسلامي، حيث يقدم تواصلا بين الأجيال ويعزز من فهم التراث العلمي الذي أسهم في تطوير الفقه الإسلامي. من خلال هذا العمل، يمكن للقارئ أن يتعرف على تأثير هؤلاء العلماء في مجتمعاتهم وكيف ساهمت أفكارهم في تشكيل الفكر الإسلامي عبر العصور. | ||
| 600 | 1 | 7 |
_aالإمام مالك، مالك بن أنس بن مالك، _d93-179 هجري _2aucnm |
| 650 | 7 |
_aالفقهاء المالكية _vتراجم _2aucsh |
|
| 700 | 1 | 2 |
_iتحقيق لـ (عمل) : _aابن خلفون، محمد بن إسماعيل بن محمد، _d555-636 هجري. _tأسماء شيوخ الإمام مالك بن أنس. |
| 700 | 1 |
_aعزب، محمد زينهم محمد _eمحقق. |
|
| 942 |
_2ddc _cBOOK _n0 |
||
| 949 |
_aSA-JeALM _d250925 _umohamedma123 _n1 |
||
| 999 |
_c12234 _d12234 |
||